Normal view
MARC view
- Hart, William L
Entry Personal Name
001 - CONTROL NUMBER
- control field: 113437
003 - CONTROL NUMBER IDENTIFIER
- control field: NUST
005 - DATE AND TIME OF LATEST TRANSACTION
- control field: 20230707091335.0
008 - FIXED-LENGTH DATA ELEMENTS
- fixed length control field: 230707|| aca||aabn | a|a d
040 ## - CATALOGING SOURCE
- Original cataloging agency: NUST
- Transcribing agency: NUST
100 ## - HEADING--PERSONAL NAME
- Personal name: Hart, William L
670 ## - SOURCE DATA FOUND
- Source citation: Work cat.: (NUST)180330: Hart, William L. , Calculus with applications: , 1973
